Boston Celtics Roster 2023-24 - Statistics

General Stats
  • This quiz has been taken 134 times
    97 since last reset
  • The average score is 12 of 17
Answer Stats
Hint Answer % Correct
7 Brown
100%
0 Tatum
99%
4 Holiday
96%
9 White
92%
42 Horford
90%
11 Pritchard
90%
8 Porzingis
86%
40 Kornet
78%
30 Hauser
76%
88 Queta
71%
27 Walsh
68%
12 Brissett
53%
2 Tillman
50%
11 Springer
39%
20 Davison
38%
50 Mykhailiuk
38%
13 Peterson
38%
No matching quizzes found
Score Distribution
Percent of People with Each Score
Percentile by Number Answered
Your Score History
You have not taken this quiz since the last reset